000 00832nab a2200253 4500
003 BR-BrBNA
005 20250619120859.0
008 250619b bl.||||| |||| 00| 0 por d
040 _aBR-BrBNA
_bpor
072 _aF30 ; A50 ; Q04 ; E70
100 _aVital, Nicholas
245 _aOs vegetais bombados da Embrapa
_bAgronegócios
500 _a3 illus.
650 _aPESQUISA AGRÍCOLA
650 _aMELHORAMENTO VEGETAL
650 _aVARIEDADE
650 _aVALOR NUTRITIVO
650 _aNUTRIENTE
650 _aALIMENTO CONCENTRADO
650 _aAGREGAÇÃO DE VALOR
773 0 _01706
_9347884
_dSão Paulo-SP Editora Três Ltda - E-mail: luizfsa@revistadinheiro.com.br 2004
_o2025-0383
_tDinheiro Rural (Brazil)
_x1807-3700
_gv. 6(57) p. 52-53; (Jul 2009)
_wBR2025003551
942 _cANA
999 _c332134
_d332134